|
|
|
|
| LEADER |
00000cam a2200000 a 4500 |
| 001 |
vtls008336862 |
| 003 |
SK-MaSNL |
| 005 |
20260301075123.0 |
| 008 |
230403s1971 xo a r 000 0 hun |
| 015 |
|
|
|a SNBA1971/03-00672
|
| 035 |
|
|
|a SK01SNK19710029079
|
| 035 |
|
|
|a urn:nbn:sk:snk-amlcbp
|
| 035 |
|
|
|a urn:nbn:sk:snk-am00914x
|
| 035 |
|
|
|a 3BB23EAD-8632-4648-A335-6B80AF368FA1
|
| 035 |
|
|
|a SKM000031542
|
| 040 |
|
|
|a SNK
|b slo
|c SNK
|e AACR2
|
| 041 |
1 |
|
|a hun
|h slo
|
| 044 |
|
|
|a xo
|c SK
|
| 080 |
|
|
|a 51(075.3)=945.11
|2 1981
|
| 130 |
1 |
0 |
|a Matematika 2 pre 3. a 5. ročník SEŠ maď.
|l Maďarsky
|9 398778
|
| 245 |
0 |
0 |
|a Matematika 2 a közgazdasági középiskolák 3. és 4. osztálya számára
|c szerk.: Nimrichter František, ... [et al.] ; [a szlov. mű erde. címe] Matematika 2 pre 3. a 5. ročník SEŠ maď. Magyarra ford. Irena Hubáčková, Mária Korbellová
|
| 250 |
|
|
|a 1. kiad.
|
| 260 |
|
|
|a Bratislava
|b Slovenské pedagogické nakladateľstvo
|c 1971
|
| 300 |
|
|
|a 291, [1] s.
|b grafy, ilustr., tab.
|c 4°
|
| 366 |
|
|
|e 800 výtl.
|
| 504 |
|
|
|a Najčast. použ. skr.
|
| 650 |
0 |
7 |
|a matematika
|2 SNKPH
|9 70174
|
| 655 |
|
7 |
|a učebnice stredných škôl
|2 SNKPH
|9 69323
|
| 700 |
1 |
|
|a Nimrichter, František
|4 aut
|9 200122
|
| 700 |
1 |
|
|a Hubáčková, Irena
|4 trl
|9 62169
|
| 700 |
1 |
|
|a Korbellová, Mária
|4 trl
|9 8065
|
| 852 |
|
|
|a Slovenská národná knižnica
|
| 954 |
|
|
|a odborná, vedecká literatúra pôvodná (slovenská)
|2 lita
|
| 958 |
|
|
|a OND
|
| 958 |
|
|
|a RM
|
| 958 |
|
|
|a RK
|
| 958 |
|
|
|a UC
|
| 958 |
|
|
|a OP
|
| 958 |
|
|
|a SK
|
| 958 |
|
|
|a EUIPO
|
| 999 |
|
|
|c 649188
|d 651118
|
| 952 |
|
|
|a SNK
|b SNK
|y PREZ
|7 0
|p 17A0807762
|o snkSB 16935
|i snkKSP 2968/71
|0 0
|1 0
|4 0
|d 2015-01-13
|f 1
|l 0
|r 2025-03-18 00:00:00
|w 2026-02-23
|
| 952 |
|
|
|a SNK
|b SNK
|y VYP
|7 0
|o snkSB 16935 D1
|i snkKSP 2969/71
|0 0
|1 0
|4 0
|d 2015-01-13
|l 0
|r 2026-02-23 18:17:38
|w 2026-02-23
|